000 00213nam a22000857a 4500
008 160715b xxu||||| |||| 00| 0 eng d
100 _92913
_a Bayly, J
245 _aWinter Flight
260 _aEastbourne
_b Kingsway
_c1981
999 _c2478
_d2478